| 000 | 00506nam a2200193 a 4500 | ||
|---|---|---|---|
| 001 | 1764835984384 | ||
| 003 | YourLibrary | ||
| 005 | 20251204134437.0 | ||
| 008 | 251204s1997##################000#0#eng## | ||
| 020 | _a9783540618942 | ||
| 082 | 0 | 4 |
_a616.07997 _bROT |
| 100 | 1 |
_aRother, K., _eauthor. |
|
| 245 | 1 | 0 | _aThe Complement System : |
| 260 |
_bSpringer Science & Business Media, _c1997. |
||
| 300 | _a594 pages | ||
| 650 | 0 | _aMedical. | |
| 942 | _cENGLISH | ||
| 040 |
_aYourLibrary _beng _cYourLibrary |
||
| 999 |
_c600030 _d600030 |
||